| 000 | 003550000a22001570004500 | ||
|---|---|---|---|
| 020 | _a84-211-7009-0 | ||
| 041 | 0 | _aSPA | |
| 082 | 0 | 4 | _aG 819.81 C297g |
| 100 | 1 | _aCarpentier, Alejo (1904- ) | |
| 245 | 1 | 0 | _aGuerra del tiempo / Alejo Carpentier |
| 250 | _a5 | ||
| 260 | _aBarcelona, EspaƱa : Barral | ||
| 300 | _a139 Pag | ||
| 001 | 10882 | ||
| 942 | _cBK | ||
| 999 |
_c40302 _d40302 |
||